Children's rights : (Record no. 5361)

MARC details
000 -LEADER
fixed length control field 02362cam a2200445 i 4500
001 - CONTROL NUMBER
control field ocn956583746
003 - CONTROL NUMBER IDENTIFIER
control field OCoLC
005 - DATE AND TIME OF LATEST TRANSACTION
control field 20220401144046.0
008 - FIXED-LENGTH DATA ELEMENTS--GENERAL INFORMATION
fixed length control field 160805t20172017mdu b 001 0 eng
010 ## - LIBRARY OF CONGRESS CONTROL NUMBER
LC control number 2016033705
016 7# - NATIONAL BIBLIOGRAPHIC AGENCY CONTROL NUMBER
Record control number 018219975
Source Uk
020 ## - INTERNATIONAL STANDARD BOOK NUMBER
International Standard Book Number 9781442249776
Qualifying information (hardcover
-- alkaline paper)
020 ## - INTERNATIONAL STANDARD BOOK NUMBER
International Standard Book Number 1442249773
Qualifying information (hardcover
-- alkaline paper)
020 ## - INTERNATIONAL STANDARD BOOK NUMBER
International Standard Book Number 9781442249837
Qualifying information (paperback
-- alkaline paper)
020 ## - INTERNATIONAL STANDARD BOOK NUMBER
International Standard Book Number 1442249838
Qualifying information (paperback
-- alkaline paper)
024 8# - OTHER STANDARD IDENTIFIER
Standard number or code 40026578701
029 1# - (OCLC)
OCLC library identifier AU@
System control number 000058529338
035 ## - SYSTEM CONTROL NUMBER
System control number (OCoLC)956583746
040 ## - CATALOGING SOURCE
Original cataloging agency DLC
Language of cataloging eng
Description conventions rda
Transcribing agency TZ-ArACH
042 ## - AUTHENTICATION CODE
Authentication code pcc
049 ## - LOCAL HOLDINGS (OCLC)
Holding library TZAA
050 00 - LIBRARY OF CONGRESS CALL NUMBER
Classification number HQ789
Item number .W35 2017
100 1# - MAIN ENTRY--PERSONAL NAME
Personal name Wall, John,
Dates associated with a name 1965-
Relator term author.
245 10 - TITLE STATEMENT
Title Children's rights :
Remainder of title today's global challenge /
Statement of responsibility, etc John Wall.
260 ## - PUBLICATION, DISTRIBUTION, ETC. (IMPRINT)
Place of publication, distribution, etc Blue Ridge Summit :
Name of publisher, distributor, etc Rowman & Littlefield Publishers,
Date of publication, distribution, etc 2017.
300 ## - PHYSICAL DESCRIPTION
Extent v, 191 pages ;
Dimensions 23 cm
504 ## - BIBLIOGRAPHY, ETC. NOTE
Bibliography, etc Includes bibliographical references and index.
505 0# - FORMATTED CONTENTS NOTE
Formatted contents note Why children's rights -- Theoretical controversies -- Historical ambiguities -- Education in an age of globalization -- The new child slavery -- The right to vote -- Today's global challenge.
520 ## - SUMMARY, ETC.
Summary, etc "This accessible and authoritative book provides the first systematic overview of the global children's rights movement. It introduces both beginners and experts to child and youth rights in all their theoretical, historical, cultural, political, and practical complexity. In the process, the book examines key controversies about globalization, cultural relativism, social justice, power, economics, politics, freedom, ageism, and more. Combining vivid examples with cutting-edge scholarship, Children's Rights: Today's Global Challenge lifts up the rights of the youngest third of humanity as the major human rights challenge of the twenty-first century."--Publisher's website.
650 #0 - SUBJECT ADDED ENTRY--TOPICAL TERM
Topical term or geographic name as entry element Children's rights.
650 #0 - SUBJECT ADDED ENTRY--TOPICAL TERM
Topical term or geographic name as entry element Child labor.
650 #0 - SUBJECT ADDED ENTRY--TOPICAL TERM
Topical term or geographic name as entry element Child slaves.
650 #0 - SUBJECT ADDED ENTRY--TOPICAL TERM
Topical term or geographic name as entry element Children
General subdivision Legal status, laws, etc.
650 #7 - SUBJECT ADDED ENTRY--TOPICAL TERM
Topical term or geographic name as entry element Child labor.
Source of heading or term fast
650 #7 - SUBJECT ADDED ENTRY--TOPICAL TERM
Topical term or geographic name as entry element Child slaves.
Source of heading or term fast
650 #7 - SUBJECT ADDED ENTRY--TOPICAL TERM
Topical term or geographic name as entry element Children
General subdivision Legal status, laws, etc.
Source of heading or term fast
650 #7 - SUBJECT ADDED ENTRY--TOPICAL TERM
Topical term or geographic name as entry element Children's rights.
Source of heading or term fast
776 08 - ADDITIONAL PHYSICAL FORM ENTRY
Display text Online version:
Main entry heading Wall, John, 1965-
Title Children's rights.
Place, publisher, and date of publication Lanham : Rowman & Littlefield, [2017]
International Standard Book Number 9781442249783
Record control number (DLC) 2016037456
942 ## - ADDED ENTRY ELEMENTS (KOHA)
Source of classification or shelving scheme Library of Congress Classification
Koha item type Books
Holdings
Home library Current library Date acquired Full call number Barcode Koha item type
African Court on Human and Peoples' Rights Library African Court on Human and Peoples' Rights Library 08/01/2020 HQ789 .W35 2017 10210903 Books
African Court on Human and Peoples' Rights Library African Court on Human and Peoples' Rights Library 01/04/2022 HQ789 .W35 2017 10194398 Books

African Court on Human and Peoples' Rights | For Inquiries Contact » +255 272 510 510